| 000 | 00478nam a2200193Ia 4500 | ||
|---|---|---|---|
| 005 | 20240823005409.0 | ||
| 008 | 240823s9999||||xx |||||||||||||| ||und|| | ||
| 041 | _aENGLISH | ||
| 082 | _A004.16 N0 | ||
| 100 | _a"Dunn,Seamus" | ||
| 245 | 4 | _aThe BBC Microcomputer for beginners | |
| 250 | _a1st | ||
| 260 |
_c1990 _b"PHI,New Delhi" |
||
| 500 | _aTRANSFERED | ||
| 650 |
_aMicro Computer _bComputer Science |
||
| 700 | _a" Morgan,Valerie" | ||
| 942 | _cBK | ||
| 999 |
_c155594 _d155594 |
||